Which Hemisphere - Sudden Death - Statistics

General Stats
  • This quiz has been taken 151 times
  • The average score is 4 of 15
Answers on the Grid
Answers color-coded by a green-red scale on the quiz's grid according to % correct below.
United States of America
United Kingdom
South Africa
Indonesia
Malaysia
Singapore
Papua New Guinea
Micronesia
Nauru
Solomon Islands
Marshall Islands
Paulu
Tanzania
Burundi
Rwanda
D. R. Of Congo
R. Of Congo
Kenya
Somalia
Uganda
Equatorial Guinea
Angola
Seychelles
Brazil
Ecuador
Colombia
Suriname
Guyana
São Tomé and Príncipe
Peru
 
Answer Stats
Answer % Correct
United Kingdom
93%
United States of America
93%
Singapore
25%
Colombia
20%
Malaysia
20%
Suriname
18%
Guyana
17%
Somalia
12%
Kenya
11%
Marshall Islands
10%
Micronesia
10%
São Tomé and Príncipe
8%
Uganda
7%
Equatorial Guinea
6%
Paulu
5%
No matching quizzes found
Score Distribution
Percent of People with Each Score
Percentile by Number Answered
Your Score History
You have not taken this quiz